Welcome to the Holygrace Academy Library

Please use search bar below to get started

SEEDS OF SUCCESS (Record no. 5504)

MARC details
000 -LEADER
fixed length control field 00262nam a22001217a 4500
082 ## - DEWEY DECIMAL CLASSIFICATION NUMBER
Classification number 158
Item number MYR/S
100 ## - MAIN ENTRY--AUTHOR NAME
Personal name MYRICK,JACK
245 ## - TITLE STATEMENT
Title SEEDS OF SUCCESS
260 ## - PUBLICATION, DISTRIBUTION, ETC. (IMPRINT)
Place of publication INDIA
Name of publisher JAICO BOOKS
300 ## - PHYSICAL DESCRIPTION
Number of Pages 108
650 ## - SUBJECT ADDED ENTRY--TOPICAL TERM
Topical Term PERSONALITY DEVELOPMENT
Geographic subdivision INDIA
942 ## - ADDED ENTRY ELEMENTS (KOHA)
Koha item type Books
Holdings
Withdrawn status Lost status Collection code Home library Current library Shelving location Date acquired Source of acquisition Full call number Accession Number Koha item type
    Reference Main Library Main Library SHELF-17H-PERSONALITY DEVELOPMENT BOOKS 13/05/2011 PURCHASE 158 MYR/S 06052 Books